000 02741nam a2200325Ia 4500
003 CO-CtgCURN
005 20250915220144.0
008 230207s2021 xx 000 0 und d
020 _a9788413624334
040 _aCO-CtgCURN
_bspa
_ccoctgcurn
082 _a361.3
_bF363tf
100 _aFernández García,Tomás
_eautor
_96527
245 0 _aTrabajo social con familias /
_cTomas Fernández García; Laura Ponce de León Romero
250 _a2 edición
260 _aMadrid, España :
_bAlianza Editorial,
_c2021
300 _a463 páginas ;
_c24 centímetros
490 _aColección Política Social. Servicios Sociales
500 _aIncluye introducción e índice
504 _aIncluye referencias bibliográficas (p. [421]-454)
505 _a1. La familia desde una perspectiva histórica y sociológica -- 2. El ciclo vital: desde el nacimiento hasta la adolescencia -- 3. El ciclo vital: desde la etapa adulta inicial hasta la muerte -- 4. Necesidades, funciones, definición y tipos de familia -- 5. La ética del Trabajo Social con familias -- 6. El método en Trabajo Social con familias -- 7. Modelos de intervención en Trabajo Social con familias -- 8. Técnicas y documentos fundamentales del Trabajo Social con familias -- 9. Casos prácticos de Trabajo Social con familias.
520 _aPor distintas circunstancias las familias pueden caer en situaciones de vulnerabilidad y riesgo social: desempleo, desorganización económica, absentismo escolar, falta de planificación, escaso desarrollo emocional y afectivo, poca función socializadora, deficitaria comunicación, falta de respeto, de normas... que en ocasiones están asociadas a patologías mentales. Estas necesidades y problemas deben afrontarse con el apoyo de las instituciones públicas o privadas, pero, también, de las diferentes metodologías y técnicas que emplean los profesionales involucrados en la intervención social. El presente libro se adentra de forma rigurosa en los problemas que se pueden encontrar las familias, y describe las metodologías, los modelos teóricos y las técnicas que pueden aplicar estos profesionales en sus ámbitos de trabajo, con el objetivo de intervenir en las causas, complejidades y crisis de las familias, comprobando la aplicación teórica con la descripción y el estudio de varios casos prácticos.
521 _aAREA PROFESIONAL
590 _aPrograma de Trabajo Social_26
650 _aFamilia
_96528
650 _aTrabajo social
_96529
700 _aPonce de León Romero, Laura
_eautora
_96530
942 _cBK
_h361.3
_iF363tf
_2ddc
_014
_n0
999 _c30811
_d30811